| 000 | 00467nam a2200157 4500 | ||
|---|---|---|---|
| 008 | 240520b |||||||| |||| 00| 0 eng d | ||
| 050 |
_aPR9408 .B6 _bH42 1974 |
||
| 100 | _aHead, Bessie | ||
| 245 | _aA question of power / | ||
| 260 |
_aHeinemann _bEssex _c1974 |
||
| 300 |
_a206 p. ; _c22cm |
||
| 440 | _aAfrican writers series | ||
| 650 |
_aWomen teachers _xFiction |
||
| 650 |
_aBotswana _xFiction |
||
| 942 |
_2lcc _cAFRICANA _hPR9408 .B6H42 1974 |
||
| 999 |
_c32010 _d32010 |
||